01481nam a2200421 i 450000100060000000300080000600500170001400600190003100700150005000800410006502000270010602000180013303500230015103500240017403500250019803500210022304000310024405000200027508200140029510000200030924501320032926400360046130000410049733600310053833700330056933800430060249000150064550000220066050400290068258801240071165000270083565000340086265500270089670000250092370000330094883000160098185600620099722016FlNmELB20241216213955.0m o d | cr cnu||||||||150601s2013 ag ob 001 0 spa d a9789506417697 (e-book) z9789506417635 a(MiAaPQ)EBC3220102 a(Au-PeEL)EBL3220102 a(CaPaEBR)ebr10862518 a(OCoLC)992034511 aFINmELBbspaerdacFINmELB 4aHD31bS399 20130 a658.82231 aSchwartz, Tony.13aLa anti-productividad :basí como estamos funcionando no está funcionando /cTony Schwartz, Jean Gomes, Catherine Mccarthy. 1aBuenos Aires :bGranica,c2013. a1 recurso en línea (383 páginas) atextobtxt2rdacontent/spa acomputadorabc2rdamedia/spa arecurso en líneabcr2rdacarrier/spa1 aManagement aIncluye índice. aContiene bibliografía. aDescripción basada en recurso en línea; Título de la página del título en PDF (e-libro, visto June 01, 2015). 0aIndustrial management. 4aAdministración de empresas. 4aLibros electrónicos.1 aGomes, Jean,eautor.1 aMccarthy, Catherine,eautor. 0aManagement.40uhttps://elibro.net/ereader/politecnicointernacional/66760